Les lieux et le temps képmellékleteiből [festmény] /
Elmentve itt :
| Szerző: | |
|---|---|
| Dokumentumtípus: | Cikk |
| Megjelent: |
2021
|
| Sorozat: | Tiszatáj
75 No. 11 |
| Kulcsszavak: | Festészet - magyar - 20-21. sz. |
| Online Access: | http://tiszataj.bibl.u-szeged.hu/26772 |
| LEADER | 00597nab a2200181 i 4500 | ||
|---|---|---|---|
| 001 | tisza26772 | ||
| 005 | 20230428111612.0 | ||
| 008 | 230428s2021 hu o 0|| hun d | ||
| 022 | |a 0133-1167 | ||
| 040 | |a SZTE Tiszatáj Archívum |b hun | ||
| 041 | |a hun | ||
| 100 | 1 | |a Mark Anna | |
| 245 | 1 | 4 | |a Les lieux et le temps képmellékleteiből |h [elektronikus dokumentum] : |b [festmény] / |c Mark Anna |
| 260 | |c 2021 | ||
| 300 | |a 106 | ||
| 490 | 0 | |a Tiszatáj |v 75 No. 11 | |
| 695 | |a Festészet - magyar - 20-21. sz. | ||
| 856 | 4 | 0 | |u http://tiszataj.bibl.u-szeged.hu/26772/1/tiszataj_2021_011_106.pdf |z Dokumentum-elérés |